| 000 | 00492nam a2200205Ia 4500 | ||
|---|---|---|---|
| 008 | 170918s9999 xx 000 0 und d | ||
| 020 | _a9780545389310 | ||
| 050 | _bG487 2011 | ||
| 100 | _aGilman, Grace | ||
| 245 | _aDixie / | ||
| 245 | _cGrace Gilman ; pictures by Sarah McConnell. | ||
| 260 | _aNew York : | ||
| 260 | _bScholastic, | ||
| 260 | _c2011 | ||
| 300 | _a30 pages : | ||
| 300 | _bcolored illustration ; | ||
| 300 | _c23cm. | ||
| 440 | _aI can read! | ||
| 500 | _a200 | ||
| 999 |
_c341050 _d341050 |
||